|
|
|
|
| LEADER |
00000nab a2200000 a 4500 |
| 001 |
vtls000479204 |
| 003 |
SK-MaSNL |
| 005 |
20260304080750.0 |
| 008 |
250424c1993 xo 0 slo |
| 015 |
|
|
|a SNBRB19rr/mm-uuuuu
|
| 035 |
|
|
|a CL0479339
|
| 035 |
|
|
|a urn:nbn:sk:snk-ab1zh6
|
| 035 |
|
|
|a (urnnbn)urn:nbn:sk:snk:ar-a01bjp
|
| 035 |
|
|
|a (uuid)b5d48ef8-17f2-4988-8a1e-a0ac125841f5
|
| 040 |
|
|
|a SNKBUCL
|b slo
|c SNKBUCL
|e AACR2
|
| 041 |
0 |
|
|a slo
|
| 044 |
|
|
|a xo
|c SK
|
| 080 |
|
|
|a 78.087.684
|2 1981
|
| 100 |
1 |
|
|a Zvarík, Ivan
|4 aut
|9 1368468
|
| 245 |
1 |
0 |
|a Jubilant z Brezna
|c Ivan Zvarík
|
| 300 |
|
|
|b Fotogr. 1
|
| 650 |
0 |
7 |
|a Miešaný spevácky zbor mesta Brezna
|2 snkbucl
|9 1368469
|
| 655 |
|
7 |
|a články z novín a časopisov
|2 snkbucl
|9 267496
|
| 773 |
0 |
|
|t Hudobný život '93
|g Roč. 25, č. 4 (1993), s. 12
|
| 850 |
|
|
|a Slovenská národná knižnica
|
| 852 |
|
|
|a Slovenská národná knižnica
|
| 954 |
|
|
|a odborná, vedecká literatúra pôvodná (slovenská)
|2 lita
|
| 957 |
|
|
|a 5301
|
| 958 |
|
|
|a article27
|
| 958 |
|
|
|a OND
|
| 958 |
|
|
|a RK
|
| 958 |
|
|
|a EUIPO
|
| 992 |
|
|
|a RBX
|
| 999 |
|
|
|c 2788021
|d 2789951
|